An introduction to programming with C++. / (Record no. 6848)

MARC details
000 -LEADER
fixed length control field 02241nam a22001697a 4500
008 - FIXED-LENGTH DATA ELEMENTS--GENERAL INFORMATION
fixed length control field 190802b xxu||||| |||| 00| 0 eng d
020 ## - INTERNATIONAL STANDARD BOOK NUMBER
International Standard Book Number 9781285061474
050 ## - LIBRARY OF CONGRESS CALL NUMBER
Classification number QA76.73.C153 Z33(7e)
100 ## - MAIN ENTRY--PERSONAL NAME
Personal name Zak, Diane.
245 ## - TITLE STATEMENT
Title An introduction to programming with C++. /
Statement of responsibility, etc. Diane Zak.
250 ## - EDITION STATEMENT
Edition statement 7th ed.
260 ## - PUBLICATION, DISTRIBUTION, ETC.
Place of publication, distribution, etc. Boston :
Name of publisher, distributor, etc. Course Technology Cengage Learning,
Date of publication, distribution, etc. 2013.
300 ## - PHYSICAL DESCRIPTION
Extent xx, v xx, 746 p. :
Other physical details ill. ;
Dimensions 28 cm.
500 ## - GENERAL NOTE
General note Includes appendix and index.
505 ## - FORMATTED CONTENTS NOTE
Formatted contents note Contents: An introduction to programming -- Beginning the problem-solving process -- Variables and constants -- Completing the problem process -- The selection structure -- More on the repetition structure -- Value-returning functions -- Void functions -- One-dimensional arrays -- Two-dimensional arrays -- Strings -- Sequential access files -- Classes and objects.
942 ## - ADDED ENTRY ELEMENTS (KOHA)
Source of classification or shelving scheme Library of Congress Classification
Koha item type Books
Holdings
Withdrawn status Lost status Source of classification or shelving scheme Damaged status Not for loan Home library Current library Shelving location Date acquired Full call number Barcode Date last seen Price effective from Koha item type Total Checkouts Copy number
    Library of Congress Classification     WISCONSIN INTERNATIONAL UNIVERSITY COLLEGE, GHANA - MAIN LIBRARY WISCONSIN INTERNATIONAL UNIVERSITY COLLEGE, GHANA - MAIN LIBRARY Reference 02/08/2019 QA76.73.C153.Z33(7e) 8415/009/19 02/08/2019 02/08/2019 Books    
    Library of Congress Classification     WISCONSIN INTERNATIONAL UNIVERSITY COLLEGE, GHANA KUMASI LIBRARY WISCONSIN INTERNATIONAL UNIVERSITY COLLEGE, GHANA KUMASI LIBRARY General Stacks 14/11/2019 QA76.73.C153 Z33(7e) K/2318/2318/19 25/08/2022 02/08/2019 Books   1
    Library of Congress Classification     WISCONSIN INTERNATIONAL UNIVERSITY COLLEGE, GHANA KUMASI LIBRARY WISCONSIN INTERNATIONAL UNIVERSITY COLLEGE, GHANA KUMASI LIBRARY General Stacks 14/11/2019 QA76.73.C153.Z331(7e) K/2319/2319/19 25/08/2022 02/08/2019 Books   2
    Library of Congress Classification     WISCONSIN INTERNATIONAL UNIVERSITY COLLEGE, GHANA KUMASI LIBRARY WISCONSIN INTERNATIONAL UNIVERSITY COLLEGE, GHANA KUMASI LIBRARY General Stacks 14/11/2019 QA76.73.C153 Z332(7e) K/2320/2320/19 25/08/2022 02/08/2019 Books   3
    Library of Congress Classification     WISCONSIN INTERNATIONAL UNIVERSITY COLLEGE, GHANA KUMASI LIBRARY WISCONSIN INTERNATIONAL UNIVERSITY COLLEGE, GHANA KUMASI LIBRARY General Stacks 14/11/2019 QA76.73.C153 Z333(7e) K/2321/2321/19 25/08/2022 02/08/2019 Books   4

If you have any concerns or questions; kindly contact the library


© Powered by WIUC ICT DIRECTORATE